000
00343nam a2200169Ia 4500
100
_a
Lee/Wei-Meng
650
_a
Android
942
_c
BK
366
_f
20
654
_a
android 4
245
_a
Beginning android 4: Application development
260
_b
Wrox
_c
2012
082
_b
LEE
300
_a
533
546
_a
ENGLISH
999
_c
31864
_d
31864